| 000 | 00539nam a2200241Ia 4500 | ||
|---|---|---|---|
| 003 | IT-RoPAU | ||
| 008 | 120407s9999 xx 000 0 und d | ||
| 040 | _aIT-RoPAU | ||
| 040 | _cIT-RoPAU | ||
| 041 | _aita | ||
| 100 | _aSettimio Cipriani | ||
| 245 | _a"Le lettere di Paolo. 7a. ed. Rivista e aggiorn." | ||
| 250 | _aAssisi | ||
| 260 | _aCittadella | ||
| 260 | _c1991 | ||
| 300 | _a878 p. | ||
| 300 | _b2 cartin. | ||
| 300 | _c20,5 cm | ||
| 490 | _aCommenti e studi biblici | ||
| 490 | _v1 | ||
| 942 | _cBK | ||
| 999 |
_c37090 _d37090 |
||